banner koha

Manual tecnico de manejo e conservacao do solo. v. 5. Tecnologias disponiveis para a implementacao de tecnicas complementares no solo (Registro n. 287858)

MARC details
000 -LÍDER
campo de controle de tamanho fixo 01192nac a22003617a 4500
001 - NÚMERO DE CONTROLE
campo de controle BR9700764
003 - IDENTIFICADOR DO NÚMERO DE CONTROLE
campo de controle BR-BrBNA
005 - DATA E HORÁRIO DA ÚLTIMA TRANSAÇÃO
campo de controle 20240105121844.0
008 - CAMPO DE DADOS FIXOS--INFORMAÇÃO GERAL
campo de controle de tamanho fixo 230509b bl.|||m| |||| 00| 0 por d
040 ## - FONTE DA CATALOGAÇÃO
Instituição da catalogação original BR-BrBNA
Idioma da catalogação por
Instituição que transcreveu o registro Biblioteca Nacional de Agricultura
072 ## - CÓDIGO DE CATEGORIA DE ASSUNTO
Código de Categoria de Assunto P36; P11
090 ## - NÚMERO DE CHAMADA LOCAL
Número de chamada P36 BR9700764
100 1# - ENTRADA PRINCIPAL--NOME PESSOAL
Nome pessoal Bertolini, D.
100 1# - ENTRADA PRINCIPAL--NOME PESSOAL
Nome pessoal Kroll, F.M.
100 1# - ENTRADA PRINCIPAL--NOME PESSOAL
Nome pessoal Lombardi Neto, F.
100 1# - ENTRADA PRINCIPAL--NOME PESSOAL
Nome pessoal Crestana, M. de S.M.
100 1# - ENTRADA PRINCIPAL--NOME PESSOAL
Nome pessoal Drugowich, M.I.
100 1# - ENTRADA PRINCIPAL--NOME PESSOAL
Nome pessoal Elias, R.
100 1# - ENTRADA PRINCIPAL--NOME PESSOAL
Nome pessoal Correa, R.O.
100 1# - ENTRADA PRINCIPAL--NOME PESSOAL
Nome pessoal Bellinazzi Junior, R.
110 1# - ENTRADA PRINCIPAL--NOME CORPORATIVO
Nome corporativo ou nome da jurisdição Coordenadoria de Assistencia Tecnica Integral, Campinas, SP (Brasil)
245 1# - TÍTULO
Título Manual tecnico de manejo e conservacao do solo. v. 5. Tecnologias disponiveis para a implementacao de tecnicas complementares no solo
260 3# - PUBLICAÇÃO, DISTRIBUIÇÃO, ETC.
Local de publicação, distribuição, etc. Campinas, SP (Brasil):
Data da publicação, distribuição, etc. 1994.
300 ## - DESCRIÇÃO FÍSICA
Extensão 127 p.
490 ## - TÍTULO DA SÉRIE
Título da série Manual - Coordenadoria de Assistencia Tecnica Integral (Brazil)
Número do volume ou designação sequencial da série no. 42
ISSN - International Standard Serial Number
500 ## - NOTA GERAL
Nota geral 52 illus.; 29 tables
650 ## - ASSUNTO--TERMO TÓPICO
Cabeçalho tópico ou nome geográfico Conservacao do Solo
650 ## - ASSUNTO--TERMO TÓPICO
Cabeçalho tópico ou nome geográfico Erosao do Solo
650 ## - ASSUNTO--TERMO TÓPICO
Cabeçalho tópico ou nome geográfico Manejo de Agua
650 ## - ASSUNTO--TERMO TÓPICO
Cabeçalho tópico ou nome geográfico Drenagem
909 ## -
-- 202312
-- Lúcia Elande
-- 55
-- Lúcia Elande
942 ## - ELEMENTOS DE ENTRADA ADICIONADOS (KOHA)
Fonte da classificação ou esquema de arquivamento na estante Classificação AGRIS
Ocultar no OPAC Não
Tipo de material Koha Monografia Seriada
Exemplares
Situação do descarte Fonte da classificação ou esquema de arquivamento na estante Situação física Não pode ser emprestado Coleção Biblioteca de origem Biblioteca atual Localização na estante Total de empréstimos Número de telefone completo Código de barras Data de último acesso Tipo de material Koha Fonte de aquisição
  Classificação AGRIS       Biblioteca Nacional de Agricultura - Binagri Biblioteca Nacional de Agricultura - Binagri Agrobase - Acervo Geral   P36 BR9700764 P36 BR9700764 18/12/2023 Monografia Seriada Portaria Interministerial nº 164/94

BINAGRI

Telefone: (61)3218-2567/2388/3357/2097 - binagri@agro.gov.br

Ministério da Agricultura e Pecuária , Esplanada dos Ministérios, Bloco D, Anexo B, Brasília/DF, CEP: 70.043-900